00516 2200193 4500001002100000005001500021035002000036007000300056008004100059020002200100082000800122084001400130100001700144245003600161260002600197300004300223650002600266504003000292INLIS00000000000597720200720101022 a0010-0720000145ta200720 g 0 ind  a978-602-223-029-8 a030 a030 UMI e0 aUMI, Habibah1 aEnsiklopedia IPS /cUmi Habibah aJakarta :bM2U,c2016 ajil.1, iv, 105 hlm. :bilus. ;c30 cm. 4aENSIKLOPEDI DAN KAMUS aBibliografi : hlm.104-105